Weaponizing anthropology: (Record no. 356183)
[ view plain ]
| 000 -LEADER | |
|---|---|
| fixed length control field | 00681nam a22002177a 4500 |
| 001 - CONTROL NUMBER | |
| control field | 123 |
| 003 - CONTROL NUMBER IDENTIFIER | |
| control field | NUST |
| 005 - DATE AND TIME OF LATEST TRANSACTION | |
| control field | 20180226103901.0 |
| 008 - FIXED-LENGTH DATA ELEMENTS--GENERAL INFORMATION | |
| fixed length control field | 180226b ||||| |||| 00| 0 eng d |
| 020 ## - INTERNATIONAL STANDARD BOOK NUMBER | |
| International Standard Book Number | 9781849350631 |
| 082 ## - DEWEY DECIMAL CLASSIFICATION NUMBER | |
| Classification number | 301.09730905 |
| Author Mark | PRI |
| 100 ## - MAIN ENTRY--PERSONAL NAME | |
| Personal name | Price, David H., |
| 9 (RLIN) | 10028 |
| 245 ## - TITLE STATEMENT | |
| Title | Weaponizing anthropology: |
| Remainder of title | social science in service of the militarized state / |
| Statement of responsibility, etc. | by David H. Price |
| 260 ## - PUBLICATION, DISTRIBUTION, ETC. | |
| Place of publication, distribution, etc. | Oakland, California: |
| Name of publisher, distributor, etc. | AK Press, |
| Date of publication, distribution, etc. | 2011 |
| 300 ## - PHYSICAL DESCRIPTION | |
| Extent | 219 p. |
| 504 ## - BIBLIOGRAPHY, ETC. NOTE | |
| Bibliography, etc. note | Includes reference and index |
| 650 ## - SUBJECT ADDED ENTRY--TOPICAL TERM | |
| Topical term or geographic name entry element | Social sciences--Moral and ethical aspects |
| 9 (RLIN) | 10029 |
| 650 ## - SUBJECT ADDED ENTRY--TOPICAL TERM | |
| Topical term or geographic name entry element | Military ethics |
| 9 (RLIN) | 10030 |
| 650 ## - SUBJECT ADDED ENTRY--TOPICAL TERM | |
| Topical term or geographic name entry element | Military planning |
| 9 (RLIN) | 333 |
| 942 ## - ADDED ENTRY ELEMENTS (KOHA) | |
| Source of classification or shelving scheme | |
| Koha item type | Book |
| Withdrawn status | Lost status | Source of classification or shelving scheme | Damaged status | Not for loan | Permanent Location | Current Location | Shelving location | Date acquired | Total Checkouts | Total Renewals | Full call number | Barcode | Date last seen | Date last checked out | Copy number | Price effective from | Koha item type |
|---|---|---|---|---|---|---|---|---|---|---|---|---|---|---|---|---|---|
| Central Library (CL) | Central Library (CL) | Book Cart | 02/26/2018 | 2 | 3 | 301.09730905 PRI | CL1996 | 11/05/2023 | 07/21/2022 | 1 | 02/26/2018 | Book |
